Provinces de Belgique (les blasons) - Statistiques

Statistiques générales
  • Ce quiz a été pris 33 fois
  • Le résultat moyen est 6 sur 10
Statistiques - réponses
Par images Réponse % Correct
Flandre Occidentale
81%
Hainaut
73%
Liège
73%
Luxembourg
73%
Brabant Wallon
65%
Namur
65%
Limbourg
58%
Anvers
50%
Brabant Flamand
46%
Flandre Orientale
46%
Aucun quiz correspondant
Distribution des résultats
% des personnes avec chaque résultat
Percentile par nombre de réponses
Votre historique - résultats
Vous n’avez pas pris ce quiz